000 00721nam a2200217Ia 4500
003 GCL
008 140319s9999 xx 000 0 ara d
040 _aGCL /
_cGCL
082 0 4 _a813.08
_bص ح
100 1 _aصالح مرسى
245 1 0 _aالحفار : رواية من ملفات المخابرات المصرية /
_cصالح مرسى
250 _aالعاشرة
260 _aالقاهرة :
_bمكتبة مدبولى الصغير ،
_c1996
300 _a452 ص ؛
_c20 سم
490 _aالاعمال الكاملة لصالح مرسى
_v0
650 0 4 _aالادب العربى
650 0 4 _aالقصص العربية
650 0 4 _aقصص البطولات
650 0 4 _aالقصص
942 _2ddc
_cBK
999 _c56022
_d56022